| 000 | 00893nam a22002777a 4500 | ||
|---|---|---|---|
| 001 | BR6800484 | ||
| 003 | BR-BrBNA | ||
| 005 | 20230928083519.0 | ||
| 007 | ta | ||
| 008 | 230509b bl.||||| |||| 00| 0 por d | ||
| 040 |
_aBR-BrBNA _bpor _cBiblioteca Nacional de Agricultura |
||
| 041 | _a(Por) | ||
| 072 |
_aE70 _b/G514 |
||
| 090 | _ E70 BR6800484 | ||
| 110 | 1 | _aCompanhia Brasileira de Alimentos, Brasilia, DF | |
| 245 | 1 |
_a3. Congresso Nacional de Agropecuaria. Reuniao preparatoria. Regiao Centro-Oeste. Trabalhos realizados e metas - em funcao do programa [Brasil] _bCarta de Brasilia do Abastecimento Nacional |
|
| 260 | 3 |
_aBrasilia, DF (Brasil): _c[nd]. |
|
| 300 | _a12 p. | ||
| 500 | _aPublished after 1967 | ||
| 650 | _aABASTECIMENTO | ||
| 650 | _aCUSTO | ||
| 650 | _aINVESTIMENTO | ||
| 650 | _aREGIAO CENTRO-OESTE | ||
| 909 |
_a202309 _bLucia _c55 _dLucia Elande |
||
| 942 | _cBK | ||
| 999 |
_c13902 _d13902 |
||